| 000 | 00755nam a22002177a 4500 | ||
|---|---|---|---|
| 999 |
_c192801 _d192801 |
||
| 005 | 20221004161955.0 | ||
| 010 | _aENG-135300 | ||
| 020 |
_c599.00 _a9789380705095 |
||
| 035 | _aEN-118832 | ||
| 037 | _bDBAD/PUB | ||
| 082 | _a342.54 | ||
| 100 | _aOta,A.B. | ||
| 245 |
_aPESA act and its implementation in tribal areas of Orissa: _cby A.B.Ota,K.K.Patnaik and A.K.Gamango _ban empirical evaluation/ |
||
| 260 |
_aBhubaneswar _bScheduled Castes and Scheduled Tribes Research and Training Institute _c2010 |
||
| 270 |
_aOrissa _bBhubaneswar _e751003 |
||
| 300 |
_axxix,175p. _c22cm(Hb) |
||
| 500 | _aIncludes bibliographical references and index | ||
| 700 | _aPatnaik,K.K. | ||
| 700 | _aGamango,A.K. | ||
| 942 |
_2ddc _cEN _mOTA _h342.54 |
||